| 000 -LEADER |
| fixed length control field |
00603nam a22001337a 4500 |
| 040 ## - CATALOGING SOURCE |
| Transcribing agency |
RUA |
| 082 ## - DEWEY DECIMAL CLASSIFICATION NUMBER |
| Classification number |
AGR OUK 2010 B047 Or.1 |
| 100 ## - MAIN ENTRY--AUTHOR NAME |
| Personal name |
OUK, AKHARA. |
| 245 ## - TITLE STATEMENT |
| Title |
Effect of direct seeding mulch based cropping system on soil physical properties, ឥទ្ធិពលនៃប្រព័ន្ធដាំដុះដំណាំគំរបដីទៅលើលក្ខណះរូបសាស្រ្តដី |
| 260 ## - PUBLICATION, DISTRIBUTION, ETC. (IMPRINT) |
| Place of publication |
Phnom Penh |
| Name of publisher |
RUA |
| Year of publication |
2010 |
| 300 ## - PHYSICAL DESCRIPTION |
| Number of Pages |
ix, 51p. |
| Other physical details |
ill. |
| Dimensions |
29cm. |
| 856 ## - ELECTRONIC LOCATION AND ACCESS |
| Uniform Resource Identifier |
https://drive.google.com/file/d/1-f87kfnibvzM6_P1tL9TZu-gN6QCjO2B/view?usp=sharing |
| 942 ## - ADDED ENTRY ELEMENTS (KOHA) |
| Koha item type |
AGR |
| 952 ## - LOCATION AND ITEM INFORMATION (KOHA) |
| Withdrawn status [LOCAL, KOHA] |
0 |
| 952 ## - LOCATION AND ITEM INFORMATION (KOHA) |
| Withdrawn status [LOCAL, KOHA] |
0 |
| 952 ## - LOCATION AND ITEM INFORMATION (KOHA) |
| Withdrawn status [LOCAL, KOHA] |
0 |
| 952 ## - LOCATION AND ITEM INFORMATION (KOHA) |
| Withdrawn status [LOCAL, KOHA] |
0 |
| 952 ## - LOCATION AND ITEM INFORMATION (KOHA) |
| Withdrawn status [LOCAL, KOHA] |
0 |